000 00796nam a2200265 i 4500
003 DO-SdBNP
005 20250716135201.0
007 ta
008 250716s1992 dr a 000 0 spa d
040 _aDO-SdBNP
_bspa
_cBNPHU
_erda
041 _aspa
082 4 _axxx
_bC566
_222
100 1 _aCiaurriz, Miguel Angel
_eautor
_936580
_4aut.
245 1 0 _aDiccionario católico para comunicadores sociales /
_cMiguel Ángel Ciaurriz
250 _aSegunda edición
264 1 _aSanto Domingo :
_bEdiciones MSC,
_c1992.
300 _a121 páginas :
_c18 cm.
336 _atexto
_btxt
_2rdacontent
337 _asin mediación
_bn
_2rdamedia
338 _avolumen
_bnc
_2rdacarrier
504 _aBibliografía p: 121
590 _aInventariado, 2025/ YL
910 _aYLockward
942 _2ddc
_cLBS1
999 _c59561
_d59561